000 01660nam a2200493 i 4500
001 45185
003 KOSZ 005
005 20210527103338.0
008 011026s2002 pl a f f |000 0 pol
015 _aUWD 2003/119
020 _a8301137509
035 _a991019911529705066
035 _a(PL-WaBN)b15397634-48omnis_nlop
035 _ab15397634
035 _a(OCoLC)749350003
035 _azz2002934073
035 _a(PL)b0000001539763
035 _a(EXLNZ-48OMNIS_NETWORK)9910254563705606
040 _aWA N
_cWA N
_dKOSZ 005/HR
041 0 _apol
046 _k2002
080 _a528
080 _a(075.8)
100 1 _aPrzewłocki, Stefan
_d(1933- )
_eAutor
245 1 0 _aGeodezja dla kierunków niegeodezyjnych /
_cStefan Przewłocki.
260 _aWarszawa :
_bWydawnictwo Naukowe PWN,
_c2002.
300 _a470, [2] s., [12] s. tabl. kolor. :
_bil., mapy ;
_c24 cm.
336 _aTekst
_btxt
_2rdacontent
337 _aBez urządzenia pośredniczącego
_bn
_2rdamedia
338 _aWolumin
_bnc
_2rdacarrier
380 _aKsiążki
380 _aPublikacje dydaktyczne
385 _mPoziom nauczania
_aSzkoły wyzsze
388 _a2001-
504 _aBibliogr. przy rozdz.
521 8 _aPodręcznik dla studentów kierunków: budownictwo, inżynieria środowiska i architektura.
650 7 _aGeodezja
_2DBN
655 7 _aPodręczniki akademickie
_2DBN
658 _aGeografia i nauki o Ziemi
710 2 _aWydawnictwo Naukowe PWN
_4pbl
856 _uhttp://koha.tu.koszalin.pl/cgi-bin/koha/opac-detail.pl?biblionumber=45185
_yKatalog online BPK
942 _2UKD
_cKS
999 _c45185
_d45185